| Tag |
First Indicator |
Second Indicator |
Subfields |
| LEADER |
00000cam a2200000 i 4500 |
| 001 |
in00000031924 |
| 005 |
20151007063154.0 |
| 008 |
770523s1965 ag 00011 spa d |
| 035 |
|
|
|a (OCoLC)02987574
|
| 035 |
|
|
|9 AAD6736AM
|
| 040 |
|
|
|a EYW
|c EYW
|d TXA
|d UtOrBLW
|
| 041 |
1 |
|
|a spa
|a eng
|
| 049 |
|
|
|a TXAM
|c [460224]
|
| 090 |
|
|
|a PN6071.D45
|b B6 1965
|
| 092 |
|
|
|a 823.08
|b B616m, 1965
|
| 100 |
1 |
|
|a Bioy Casares, Adolfo.
|
| 245 |
1 |
4 |
|a Los mejores cuentos policiales /
|c seleccion de J. L. Borges y A. Bioy Casares.
|
| 250 |
|
|
|a 5. ed.
|
| 264 |
|
1 |
|a Buenos Aires :
|b Emece,
|c 1965.
|
| 300 |
|
|
|a 299 pages ;
|c 17 cm.
|
| 336 |
|
|
|a text
|b txt
|2 rdacontent
|
| 337 |
|
|
|a unmediated
|b n
|2 rdamedia
|
| 338 |
|
|
|a volume
|b nc
|2 rdacarrier
|
| 490 |
0 |
|
|a Collecion Piragua, 48
|
| 650 |
|
0 |
|a English fiction
|x Translations into Spanish.
|
| 700 |
1 |
|
|a Borges, Jorge Luis,
|d 1899-1986.
|
| 999 |
|
|
|a MARS
|
| 999 |
f |
f |
|s ef0701b7-c178-38db-ae5d-19fe18dc3241
|i 17e2718c-417a-3f70-981d-932ddd9efc2f
|t 0
|
| 952 |
f |
f |
|p ric
|a Texas A&M University
|b Rellis Campus
|c Joint Library Facility
|d Remote Storage
|t 0
|e PN6071.D45 B6 1965
|h Library of Congress classification
|i unmediated -- volume
|m A14801334629
|
| 998 |
f |
f |
|a PN6071.D45 B6 1965
|t 0
|l Remote Storage
|